[Event "2nd Open"]
[Site "Paleohora GRE"]
[Date "2009.07.23"]
[Round "4"]
[White "Tukhaev,A"]
[Black "Lekic,D"]
[Result "1-0"]
[WhiteElo "2534"]
[BlackElo "2394"]

1.e4 c5 2.Nf3 d6 3.d4 cxd4 4.Nxd4 Nf6 5.Nc3 Nc6 6.Bg5 e6 7.Qd2 Be7 8.O-O-O a6
9.f4 Nxd4 10.Qxd4 b5 11.Bxf6 gxf6 12.Be2 Bd7 13.e5 d5 14.f5 fxe5 15.Qxe5 Bf6
16.Qg3 Qb8 17.fxe6 fxe6 18.Bh5+ Kd8 19.Qh3 Ra7 20.Kb1 Qf4 21.Rhf1 Qg5 22.Bf7 Ke7
23.Bxe6 Bxe6 24.Rfe1 Be5 25.Nxd5+ Kf7 26.Rf1+ Bf6 27.Qc3 Bf5 28.Nxf6 Rc8
29.Ne4  1-0

[Event "Synthesia Rapid Open"]
[Site "Pardubice CZE"]
[Date "2009.07.23"]
[Round "5"]
[White "Navara,D"]
[Black "Arutinian,D"]
[Result "1/2-1/2"]
[WhiteElo "2687"]
[BlackElo "2526"]

1.e4 c5 2.Nf3 d6 3.d4 cxd4 4.Nxd4 Nf6 5.Nc3 Nc6 6.Bg5 Bd7 7.Qd2 Nxd4 8.Qxd4 Qa5
9.f4 e5 10.Qd2 Be7 11.O-O-O Bc6 12.Bxf6 Bxf6 13.f5 Qc5 14.g4 h6 15.h4 O-O-O
16.Rh3 Kb8 17.Qg2 Rc8 18.Nd5 Bxd5 19.Rxd5 Qb4 20.a3 Qe1+ 21.Rd1 Qa5 22.Kb1 Be7
23.c3 Rc6 24.Rd5 Qb6 25.Bd3 Rc5 26.Rxc5 Qxc5 27.Bc2 Qc4 28.g5 hxg5 29.hxg5 Rxh3
30.Qxh3 Bxg5 31.Qh8+ Kc7 32.Qxg7 Be3 33.Qf8 Bg5 34.Qg7 Be3 35.Qg3 Bf4 36.Qf3 Kb6
37.Bd3 Qc5 38.Qg2 a6 39.Ka2 f6 40.Qg8 Ka7 41.Qf7 Qf2 42.Qb3 Qb6 43.Qd1 Qf2
44.Bc4 Bd2 45.Bd5 Bg5 46.Qh1 Bh4 47.Qd1 Bg5 48.Qb3 Qb6 49.Qc2 Qe3 50.Qh2 Qb6
51.Kb1 Qe3 52.Qh7 Qg1+ 53.Ka2 Qb6 54.b4 Bc1 55.Kb3 a5 56.Qd7 axb4 57.axb4 Qa6
58.Qa4 Qxa4+ 59.Kxa4  1/2-1/2

[Event "Synthesia Rapid Open"]
[Site "Pardubice CZE"]
[Date "2009.07.23"]
[Round "8"]
[White "Lintchevski,D"]
[Black "Mamedov,Rau"]
[Result "1-0"]
[WhiteElo "2484"]
[BlackElo "2645"]

1.e4 c5 2.Nf3 Nc6 3.d4 cxd4 4.Nxd4 Nf6 5.Nc3 d6 6.Bg5 e6 7.Qd2 Be7 8.O-O-O a6
9.f3 Nxd4 10.Qxd4 Qc7 11.h4 b5 12.Kb1 Bb7 13.g4 Rc8 14.Bd3 Qc5 15.Ne2 Qxd4
16.Nxd4 Nd7 17.Bc1 Ne5 18.g5 d5 19.exd5 Bxd5 20.Be4 Bxe4 21.fxe4 O-O 22.Bf4 Ng4
23.Bg3 Rfd8 24.c3 Rc4 25.a3 g6 26.e5 Rd5 27.Nc2 Rxd1+ 28.Rxd1 h6 29.Rd7 Kf8
30.Ra7 hxg5 31.hxg5 Bxg5 32.Rxa6 Bf4 33.Bxf4 Rxf4 34.Rb6 Nxe5 35.Rxb5 Nd3
36.Nb4 Rf1+ 37.Kc2 Nxb4+ 38.axb4 f5 39.Rc5 Ke7 40.b5 Ra1 41.c4 Kd7 42.b6 Ra8
43.Rc7+ Kd8 44.Rg7 Ra6 45.b7 Rb6 46.c5 Rb5 47.c6  1-0

[Event "Czech Open A"]
[Site "Pardubice CZE"]
[Date "2009.07.24"]
[Round "1"]
[White "Haba,P"]
[Black "Hirneise,J"]
[Result "1-0"]
[WhiteElo "2533"]
[BlackElo "2284"]

1.e4 c5 2.Nf3 Nc6 3.d4 cxd4 4.Nxd4 Nf6 5.Nc3 d6 6.Bg5 e6 7.Qd2 a6 8.O-O-O Bd7
9.f4 h6 10.Bh4 Nxe4 11.Qe1 Nf6 12.Nf5 Qa5 13.Nxd6+ Bxd6 14.Rxd6 Qc7 15.Rd2 O-O-O
16.Bxf6 gxf6 17.Qh4 f5 18.Be2 Be8 19.Rhd1 Rxd2 20.Rxd2 Qe7 21.Qf2 Bd7 22.Na4 Rd8
23.Nb6+ Kc7 24.Nc4 Be8 25.Qb6+ Kc8 26.Rxd8+ Qxd8 27.Qxd8+ Nxd8 28.Nd6+ Kd7
29.Nxe8 Kxe8 30.Kd2 Kd7 31.Ke3 Kd6 32.Kf3 Nc6 33.Kg3 Nb4 34.Kh4 Nd5 35.Bf3 Nxf4
36.Bxb7 a5 37.g3 Nd5 38.c3 Nf6 39.b4 axb4 40.cxb4 Kc7 41.Bg2 Ng4 42.h3 Ne3
43.Bf3 e5 44.Be2 Nd5 45.Bc4 Ne3 46.Bxf7 e4 47.a4 Kb6 48.a5+ Kb5 49.Be8+ Ka6
50.Bd7 Kb7 51.Bb5 Nd5 52.Kh5 Nc3 53.Bc4 e3 54.Kxh6 Ne4 55.h4 Nxg3 56.Kg5 Ne4+
57.Kf4  1-0

[Event "13th Battle of Senta Open A"]
[Site "Senta SRB"]
[Date "2009.07.24"]
[Round "8"]
[White "Nestorovic,L"]
[Black "Budimir,Bor"]
[Result "1/2-1/2"]
[WhiteElo "2240"]
[BlackElo "2352"]

1.e4 c5 2.Nf3 Nc6 3.d4 cxd4 4.Nxd4 Nf6 5.Nc3 d6 6.Bg5 Bd7 7.Qd2 Rc8 8.O-O-O Nxd4
9.Qxd4 Qa5 10.Bd2 Qc5 11.Qxc5 dxc5 12.f3 g6 13.Bc4 Bg7 14.e5 Ng8 15.Bg5 Bc6
16.Rhe1 Bh6 17.h4 a6 18.Ne4 Bxe4 19.Rxe4 e6 20.Bxh6 Nxh6 21.g4 Ng8 22.Rd6 Ne7
23.a4 Nc6 24.c3 Ke7 25.Rd2 Rb8 26.Bf1 Rhd8 27.Rxd8 Rxd8 28.f4 Rb8 29.Kc2 Rc8
30.Re1 h5 31.gxh5 gxh5 32.Be2 Rg8 33.Bxh5 Rh8 34.Bf3 Rxh4 35.Bxc6 bxc6 36.Re4 Kd7
37.Kd3 Rh2 38.b3 Kc7 39.a5 Rb2 40.Kc4 Ra2 41.Kxc5 Rxa5+ 42.Kc4 Rd5 43.Rd4  1/2-1/2

[Event "Najdorf Mem Open"]
[Site "Warsaw POL"]
[Date "2009.07.24"]
[Round "7"]
[White "Wojciechowski,Pi"]
[Black "Leks,H"]
[Result "1-0"]
[WhiteElo "2279"]
[BlackElo "2145"]

1.e4 c5 2.Nf3 d6 3.d4 cxd4 4.Nxd4 Nf6 5.Nc3 Nc6 6.Bg5 e6 7.Qd2 a6 8.O-O-O Qb6
9.Nxc6 bxc6 10.Bc4 Qb4 11.Bb3 Be7 12.a3 Qa5 13.Kb1 Bd7 14.Rhe1 Qc7 15.f4 h6
16.Bh4 g5 17.fxg5 Ng4 18.e5 d5 19.h3 hxg5 20.Bxg5 Bxg5 21.Qxg5 Nh6 22.g4 Kf8
23.Rf1 Qd8 24.Rf6 Be8 25.Qh5 Kg7 26.Qg5+ Kf8 27.Qh5 Kg7 28.Rdf1 Qe7 29.Qg5+ Kf8
30.Qg6 Bd7 31.Qh5 Kg7 32.Qg5+ Kf8 33.Rxh6 Qxg5 34.Rxh8+ Ke7 35.Rxa8 c5 36.Ra7 Ke8
37.Ba4 Bxa4 38.Nxa4 Qd2 39.Rfxf7 Qd1+ 40.Ka2 Qxc2 41.Rfb7  1-0

[Event "2nd Open"]
[Site "Paleohora GRE"]
[Date "2009.07.25"]
[Round "6"]
[White "Managadze,N"]
[Black "Chatzidakis,M"]
[Result "0-1"]
[WhiteElo "2459"]
[BlackElo "2303"]

1.e4 c5 2.Nf3 Nc6 3.d4 cxd4 4.Nxd4 Nf6 5.Nc3 d6 6.Bg5 e6 7.Qd2 a6 8.O-O-O h6
9.Be3 Bd7 10.f3 Qc7 11.Kb1 Rc8 12.h4 Ne5 13.g4 b5 14.Bd3 g6 15.Rhg1 Nc4 16.Bxc4 Qxc4
17.Nb3 b4 18.Ne2 e5 19.Ng3 Be6 20.g5 hxg5 21.Bxg5 Nd7 22.Nf1 Qb5 23.f4 a5
24.Ne3 f6 25.fxe5 dxe5 26.Bxf6 Nxf6 27.Rxg6 Rh6 28.Qg2 Bf7 29.Rg5 Rxh4 30.Nd4 Qc5
31.Rf5 Rxe4 32.Rxf6 Rxd4 33.Rxd4 exd4 34.Qe4+ Qe7 35.Qf5 Rc5 36.Rxf7 Qxf7
37.Qe4+ Qe7 38.Qg6+ Kd8 39.Qb6+ Ke8 40.Qb8+ Qd8  0-1

[Event "Czech Open A"]
[Site "Pardubice CZE"]
[Date "2009.07.25"]
[Round "2"]
[White "Bracker,F"]
[Black "Gutman,G"]
[Result "1/2-1/2"]
[WhiteElo "2280"]
[BlackElo "2508"]

1.e4 c5 2.Nf3 Nc6 3.d4 cxd4 4.Nxd4 Nf6 5.Nc3 d6 6.Bg5 e6 7.Qd2 Be7 8.O-O-O O-O
9.f3 Nxd4 10.Qxd4 a6 11.h4 b5 12.Kb1 Bb7 13.Qd2 Rc8 14.Ne2 h6 15.Be3 Nd7
16.Nf4 Ne5 17.Nh5 Qc7 18.Bd3 Kh7 19.Bd4 g6 20.Nf4 Bf6 21.Ne2 Qe7 22.h5 g5
23.Rhf1 Rg8 24.g3 Kh8 25.f4 Nc4 26.Bxc4 Rxc4 27.b3 Rxd4 28.Nxd4 Bxe4 29.f5 Rc8
30.fxe6 fxe6 31.Qf2 Be5 32.Qf7 Qxf7 33.Rxf7 Kg8 34.Re7 Bd5  1/2-1/2

[Event "Czech Open A"]
[Site "Pardubice CZE"]
[Date "2009.07.25"]
[Round "2"]
[White "Aliavdin,N"]
[Black "Chernyshov,K"]
[Result "1/2-1/2"]
[WhiteElo "2372"]
[BlackElo "2555"]

1.e4 c5 2.Nf3 Nc6 3.d4 cxd4 4.Nxd4 Nf6 5.Nc3 d6 6.Bg5 Bd7 7.Be2 Qa5 8.Bxf6 gxf6
9.O-O Nxd4 10.Qxd4 Rc8 11.a4 Qc5 12.Qd1 Rg8 13.Bb5 Bh6 14.Bxd7+ Kxd7 15.Qd3 Bf4
16.Nd5 Be5 17.c3 e6 18.Ne3 Bf4 19.Rad1 Bxe3 20.fxe3 Ke7 21.Rf2 Rc6 22.Qe2 Rg6
23.Rd4 a5 24.Qd3 Rg8 25.Rd2 Rgc8 26.Qe2 Qe5 27.Qg4 h5 28.Qe2 Rg8 29.Qb5 Qxb5
30.axb5 Rb6 31.c4 a4 32.R2d3 e5 33.Rd5 Rg4 34.Ra3 Rxe4 35.Rxa4 Rxe3 36.Ra3 Re2
37.Rb3 Rc2 38.Rb4 Ke6 39.b3 f5 40.Ra4 Rb2 41.Ra3 f4 42.h3 h4 43.Kf1 f5 44.Kg1 Kf6
45.Kf1 Kg5 46.Rd3 Kf6 47.Ra8 Ke7 48.Rh8 Rb1+ 49.Ke2 Rb2+ 50.Kf1 e4 51.Rh7+ Kf6
52.Rd5 Rxb3 53.Rxh4 Kg5 54.Rg4+ Kf6 55.Rxf4 Rc3 56.Rfxf5+ Ke6 57.Kf2 Rxc4
58.Ke3 Rc2 59.g4 Rc3+ 60.Kxe4 Rxh3 61.Kf4 Rh8 62.g5 Rh4+ 63.Kg3 Rd4 64.Rde5+ dxe5
65.Rf6+ Ke7 66.Rxb6 Kf7 67.Rxb7+ Kg6 68.Rb8  1/2-1/2

[Event "13th Battle of Senta Open A"]
[Site "Senta SRB"]
[Date "2009.07.25"]
[Round "9"]
[White "Sarenac,I"]
[Black "Jovanovic,Zo1 SCG"]
[Result "1-0"]
[WhiteElo "2341"]
[BlackElo "2325"]

1.e4 c5 2.Nf3 d6 3.d4 cxd4 4.Nxd4 Nf6 5.Nc3 Nc6 6.Bg5 e6 7.Qd2 a6 8.O-O-O h6
9.Be3 Be7 10.f3 Nxd4 11.Bxd4 b5 12.Bxf6 gxf6 13.Kb1 Bb7 14.Bd3 Rc8 15.f4 Qa5
16.Rhe1 h5 17.f5 h4 18.fxe6 fxe6 19.Qe3 Rxc3 20.bxc3 Rh5 21.Qa7 Bc6 22.e5 Rxe5
23.Rxe5 dxe5 24.Qb8+ Kf7 25.Bh7 Bf8 26.Rd8 Qa3 27.Rxf8+ Qxf8 28.Qc7+ Qe7
29.Bg6+ Kxg6 30.Qxe7 Bxg2 31.Qxe6 h3 32.Qg4+ Kf7 33.Qf5 Ke7 34.Kb2 a5 35.c4 bxc4
36.Kc3 Bd5 37.Qxh3 Be6 38.Qe3  1-0

[Event "Najdorf Mem Open"]
[Site "Warsaw POL"]
[Date "2009.07.25"]
[Round "8"]
[White "Krzywda,A"]
[Black "Denderski,P"]
[Result "1/2-1/2"]
[WhiteElo "2148"]
[BlackElo "2261"]

1.e4 c5 2.Nf3 Nc6 3.d4 cxd4 4.Nxd4 Nf6 5.Nc3 d6 6.Bg5 e6 7.Qd2 Be7 8.O-O-O O-O
9.f4 h6 10.h4 Qa5 11.Nb3 Qb4 12.Bd3 a5 13.Qf2 Bd8 14.a3 Qb6 15.Qg3 Kh8 16.e5 dxe5
17.fxe5 Nd5 18.Nxd5 exd5 19.Qf4 Ne7 20.Nd4 Ng8 21.Rde1 Be7 22.Nf5 Bxf5 23.Qxf5 g6
24.Qf4 hxg5 25.hxg5+ Kg7 26.Qh4 Rfe8 27.e6 Bxg5+ 28.Qxg5 Rxe6 29.Qxd5 Rxe1+
30.Rxe1 Nf6  1/2-1/2

[Event "zt 3.3"]
[Site "Ho Chi Minh City VIE"]
[Date "2009.07.26"]
[Round "6"]
[White "Mas,H"]
[Black "Ton That Nhu Tung"]
[Result "1/2-1/2"]
[WhiteElo "2391"]
[BlackElo "2227"]

1.e4 c5 2.Nf3 Nc6 3.d4 cxd4 4.Nxd4 Nf6 5.Nc3 d6 6.Bg5 Bd7 7.Qd2 Rc8 8.f4 Nxd4
9.Qxd4 Qa5 10.O-O-O e5 11.Qd2 Rxc3 12.Qxc3 Qxc3 13.bxc3 Nxe4 14.Bh4 exf4
15.Bd3 Nxc3 16.Rde1+ Be6 17.Kd2 g5 18.Bxg5 Bg7 19.Bxf4 Kd7 20.Re3 Nd5 21.Bb5+ Kc7
22.Rg3 Bf6 23.Bh6 Be5 24.Ra3 Rg8 25.g3 Rg6 26.Be3 Nxe3 27.Kxe3 Rh6 28.Be2 Bxg3
29.Bf3 Rxh2 30.Rxa7 Rxc2 31.Rxb7+ Kc8 32.Rb4 Rxa2 33.Rxh7 Be5 34.Bg4 f5 35.Bd1 f4+
36.Kf3 Rd2 37.Ba4 Rd3+ 38.Ke2 Rc3 39.Re7 Bc4+ 40.Kd2 Rd3+ 41.Kc2 Rc3+  1/2-1/2

[Event "Czech Open A"]
[Site "Pardubice CZE"]
[Date "2009.07.26"]
[Round "3"]
[White "Huschenbeth,N"]
[Black "Nemcova,Kat"]
[Result "1-0"]
[WhiteElo "2416"]
[BlackElo "2251"]

1.e4 c5 2.Nf3 d6 3.d4 cxd4 4.Nxd4 Nf6 5.Nc3 Nc6 6.Bg5 e6 7.Qd2 a6 8.O-O-O Bd7
9.f4 h6 10.Bh4 g5 11.fxg5 Ng4 12.Be2 Nge5 13.Nf3 Be7 14.Bf2 hxg5 15.Na4 Nxf3
16.gxf3 Qa5 17.Qxa5 Nxa5 18.Nb6 Rd8 19.b4 Nc6 20.c3 Kf8 21.a4 Be8 22.Nc4 d5
23.exd5 Rxd5 24.Rxd5 exd5 25.Nb6 Bd6 26.Nxd5 Ne7 27.Nb6 Rxh2 28.Rxh2 Bxh2
29.Bc5 Bc7 30.Nc8 Bd8 31.a5 f6 32.c4 Bc6 33.b5 Bd7 34.Nd6 axb5 35.Nxb7 Bxa5
36.Nxa5 bxc4 37.Nxc4 Kf7 38.Kd2 Nd5 39.Nb6 Nxb6 40.Bxb6 Bc6 41.Ke3 Kg6 42.Bd3+ f5
43.Bd8 Ba4 44.Bc4 Bc6 45.Bb5 Bb7 46.Bd7 Bd5 47.Be8+ Kh6 48.Be7 Bb7 49.Bf8+ Kh7
50.Bh5 Bc6 51.Kd4 Bb7 52.Ke5  1-0

[Event "ch-Euro Senior"]
[Site "Rogaska Slatina SLO"]
[Date "2009.07.26"]
[Round "5"]
[White "Muratoglu,S"]
[Black "Arkhangelsky,B"]
[Result "0-1"]
[WhiteElo "2114"]
[BlackElo "2300"]

1.e4 c5 2.Nf3 Nc6 3.d4 cxd4 4.Nxd4 Nf6 5.Nc3 d6 6.Bg5 e6 7.Qd2 a6 8.f4 Bd7
9.Be2 Be7 10.O-O-O Rc8 11.Kb1 Nxd4 12.Qxd4 Bc6 13.Bf3 Qc7 14.Rhe1 e5 15.fxe5 dxe5
16.Qf2 O-O 17.Qg3 Kh8 18.Bxf6 Bxf6 19.Bg4 Rcd8 20.Nd5 Bxd5 21.exd5 Qc5 22.Qd3 Rd6
23.a3 g6 24.b4 Qc7 25.c4 b6 26.Rc1 Rb8 27.Bf3 a5 28.Re2 axb4 29.axb4 Rdd8
30.g4 Qd6 31.Qb3 Rdc8 32.Be4 Be7 33.Rb2 Rc7 34.Qe3 Qd8 35.Qd3 Qf8 36.Qc3 Bd6
37.Rf2 Qe7 38.Rb2 Kg8 39.Kc2 Rbc8 40.Kb3 Ra7 41.Bb1 Qd7 42.Ra2 Rxa2 43.Bxa2 Qxg4
44.Qe3 Rb8 45.Kc3 Qd7 46.Kc2 Qe7 47.Kb2 Kg7 48.Bb1 f5 49.Kc2 e4 50.Qd2 Qe5
51.Ba2 Qe7 52.Kb3 Kg8 53.Ra1 e3 54.Qe2 Bxb4  0-1

[Event "Czech Open A"]
[Site "Pardubice CZE"]
[Date "2009.07.27"]
[Round "4"]
[White "Erdogdu,M"]
[Black "Daskevics,Va"]
[Result "1-0"]
[WhiteElo "2463"]
[BlackElo "2341"]

1.e4 c5 2.Nf3 Nc6 3.d4 cxd4 4.Nxd4 Nf6 5.Nc3 d6 6.Bg5 e6 7.Qd2 a6 8.O-O-O Bd7
9.f3 h6 10.Be3 b5 11.Kb1 Ne5 12.Bd3 Qc7 13.Rhe1 b4 14.Nce2 d5 15.exd5 Nxd5
16.Nf4 Nxe3 17.Qxe3 Nxd3 18.Qxd3 O-O-O 19.Qxa6+ Kb8 20.Nc6+ Bxc6 21.Rxd8+ Qxd8
22.Qxc6 Be7 23.Qb5+ Ka7 24.Nd3 Qd4 25.Re5 Qg1+ 26.Nc1 Rd8 27.Qc6 Qb6 28.Qa4+  1-0

[Event "Czech Open A"]
[Site "Pardubice CZE"]
[Date "2009.07.27"]
[Round "4"]
[White "Tvarijonas,P"]
[Black "Chernyshov,K"]
[Result "0-1"]
[WhiteElo "2304"]
[BlackElo "2555"]

1.e4 c5 2.Nf3 Nc6 3.d4 cxd4 4.Nxd4 Nf6 5.Nc3 d6 6.Bg5 Bd7 7.Be2 Qa5 8.Bxf6 gxf6
9.Qd2 Rg8 10.g3 Nxd4 11.Qxd4 Rc8 12.O-O-O f5 13.Bc4 Bg7 14.Qd5 Qxd5 15.Bxd5 b6
16.exf5 Bxc3 17.bxc3 Bxf5 18.Kb2 e6 19.Rhe1 Ke7 20.Rd4 Rc5 21.Re3 Rgc8 22.Bb3 b5
23.a4 bxa4 24.Rxa4 a5 25.g4 Bg6 26.f4 Kf6 27.Rd4 R8c6 28.Rf3 Kg7 29.Ra4 h6
30.Ra1 Rb6 31.Ra4 f6 32.Kc1 e5 33.Kd2 d5 34.f5 Be8 35.Ra1 a4 36.Rxa4 Bxa4
37.Bxa4 Rb1 38.Bb3 Rg1 39.Rd3 Rg2+ 40.Kc1 e4 41.Rd4 e3 42.Kd1 Ra5 43.Ba4 Rxh2
44.Rb4 h5 45.gxh5 Kh6 46.Ke1 Ra8  0-1

[Event "Czech Open A"]
[Site "Pardubice CZE"]
[Date "2009.07.27"]
[Round "4"]
[White "Biolek,R1"]
[Black "Rombaldoni,D"]
[Result "0-1"]
[WhiteElo "2361"]
[BlackElo "2465"]

1.e4 c5 2.Nf3 d6 3.d4 cxd4 4.Nxd4 Nf6 5.Nc3 Nc6 6.Bg5 e6 7.Qd2 a6 8.O-O-O Nxd4
9.Qxd4 Be7 10.f4 b5 11.Be2 Bb7 12.Bf3 Rc8 13.e5 Bxf3 14.gxf3 dxe5 15.Qa7 Qc7
16.Qxa6 O-O 17.Qxb5 exf4 18.Qa4 Qb7 19.Rd3 Rb8 20.b3 Rfc8 21.Rhd1 Nd5 22.Nxd5 Bxg5
23.Nc3 Ra8 24.Qe4 Qc7 25.R1d2 Bf6 26.Na4 Qe7 27.Kd1 Qa7 28.Qe1 Qb7 29.Ke2 Ra5
30.Kf1 g6 31.Qf2 Qb5 32.c4 Qh5 33.c5 Kg7 34.Rc2 Qh3+ 35.Qg2 Qf5 36.Qe2 h5
37.Rc4 Raa8 38.Nb6 Rd8 39.Nxa8 Rxd3 40.Rc2 Qd5 41.Kg2 Re3 42.Qf1 Qxa8 43.c6 Rc3
44.Rxc3 Bxc3 45.Qc4 Qxa2+ 46.Kh1 Qa1+ 47.Kg2 Qb2+ 48.Kh1 Qc1+ 49.Kg2 Qd2+
50.Kh1 Bd4  0-1

[Event "ZMD Open"]
[Site "Dresden GER"]
[Date "2009.07.28"]
[Round "4"]
[White "Genova,Ly"]
[Black "Ovsejevitsch,S"]
[Result "1/2-1/2"]
[WhiteElo "2209"]
[BlackElo "2583"]

1.e4 c5 2.Nf3 d6 3.d4 cxd4 4.Nxd4 Nf6 5.Nc3 Nc6 6.Bg5 Qb6 7.Nb3 e6 8.Qd2 Be7
9.O-O-O O-O 10.f3 a6 11.g4 Qc7 12.Bxf6 Bxf6 13.Qxd6 Qxd6 14.Rxd6 Be7 15.Rd1 g5
16.Na4 b5 17.Nb6 Ra7 18.Nxc8 Rxc8 19.Kb1 Ne5 20.Be2 b4 21.Nc1 a5 22.Nd3 Nc4
23.Ne1 Ne5 24.Nd3 Ng6 25.Rhf1 Rac7 26.Rd2 Kg7 27.Bd1 Bd6 28.Re2 Kf6 29.h4 h6
30.h5 Ne5 31.Nxe5 Kxe5 32.Rd2 Bc5 33.Rd3  1/2-1/2

[Event "Czech Open A"]
[Site "Pardubice CZE"]
[Date "2009.07.28"]
[Round "5"]
[White "Daskevics,Va"]
[Black "Hirneise,T"]
[Result "1/2-1/2"]
[WhiteElo "2341"]
[BlackElo "2429"]

1.e4 c5 2.Nf3 Nc6 3.d4 cxd4 4.Nxd4 Nf6 5.Nc3 d6 6.Bg5 e6 7.Qd2 a6 8.O-O-O Bd7
9.f3 Be7 10.Kb1 Qc7 11.h4 h6 12.Be3 h5 13.Be2 Na5 14.Nb3 b5 15.Nxa5 Qxa5
16.Nd5 Qxd2 17.Nxf6+ Bxf6 18.Rxd2 Be7 19.c4 bxc4 20.Bxc4 Bc6 21.Rhd1 O-O
22.Bg5 Bxg5 23.hxg5 d5 24.exd5 exd5 25.Bxd5 Bxd5 26.Rxd5 Rfe8 27.a3 Re2 28.R1d2 Rae8
29.Kc2 Kh7 30.b4 Rc8+ 31.Kb2 Re3 32.Rc5 Rb8 33.Rd7 Re2+ 34.Rc2 Re5 35.f4 Rf5
36.Rcc7 Rxf4 37.Rxf7 Rxf7 38.Rxf7 a5 39.Kc3 axb4+ 40.axb4 Rc8+ 41.Kb3 Kg6
42.Rd7 Rc1 43.b5 Rb1+ 44.Kc4 h4 45.Kc5 Rc1+ 46.Kd6 Rc2 47.b6 Rxg2 48.b7 Rb2
49.Kc7 Kxg5 50.Rxg7+ Kf4 51.b8=Q Rxb8 52.Kxb8 h3  1/2-1/2

[Event "Czech Open A"]
[Site "Pardubice CZE"]
[Date "2009.07.28"]
[Round "5"]
[White "Vocaturo,D"]
[Black "Ivanov,Al3"]
[Result "1-0"]
[WhiteElo "2507"]
[BlackElo "2402"]

1.e4 c5 2.Nf3 d6 3.d4 cxd4 4.Nxd4 Nf6 5.Nc3 Nc6 6.Bg5 e6 7.Qd2 a6 8.O-O-O Be7
9.f4 Nxd4 10.Qxd4 b5 11.Bxf6 gxf6 12.Bd3 Qc7 13.Qe3 Bd7 14.Kb1 Qc5 15.Qg3 O-O-O
16.Ne2 Kb8 17.f5 Rdg8 18.Qf3 Qe5 19.Nf4 Rc8 20.Rhe1 Rc7 21.c3 d5 22.Nxd5 Bc6
23.Nxc7 Kxc7 24.g3 Rb8 25.Qh5  1-0

[Event "Czech Open A"]
[Site "Pardubice CZE"]
[Date "2009.07.29"]
[Round "6"]
[White "Grandelius,N"]
[Black "Huschenbeth,N"]
[Result "1/2-1/2"]
[WhiteElo "2515"]
[BlackElo "2416"]

1.e4 c5 2.Nf3 d6 3.d4 cxd4 4.Nxd4 Nf6 5.Nc3 Nc6 6.Bg5 e6 7.Qd2 Be7 8.O-O-O Nxd4
9.Qxd4 a6 10.f4 b5 11.Be2 Bb7 12.Bf3 O-O 13.Bxf6 Bxf6 14.Qxd6 Bxc3 15.Qxd8 Bxb2+
16.Kxb2 Rfxd8 17.Rd3 Kf8 18.Rhd1 Ke7 19.Rxd8 Rxd8 20.Rxd8 Kxd8 21.Kc3 Kc7
22.Kd4 Kb6 23.Bh5 f5 24.Bf3 Bxe4 25.Bxe4 fxe4 26.Kxe4 Kc6 27.Ke5 Kd7 28.g4 Ke7
29.h4 Kd7 30.h5 Ke7 31.c3 Kd7 32.h6 g6 33.Kf6 Kd6 34.Kf7 Kd7 35.g5 a5 36.a3 a4
37.Kf8 Kd8 38.Kf7 Kd7 39.Kf6 Kd6 40.Kg7 Ke7 41.Kg8 Ke8 42.Kg7 Ke7 43.Kh8 Kf8
44.Kxh7 Kf7 45.Kh8 Kf8 46.Kh7 Kf7 47.Kh8 Kf8 48.Kh7 Kf7  1/2-1/2

[Event "Czech Open A"]
[Site "Pardubice CZE"]
[Date "2009.07.30"]
[Round "7"]
[White "Erdogdu,M"]
[Black "Stocek,J"]
[Result "1/2-1/2"]
[WhiteElo "2463"]
[BlackElo "2584"]

1.e4 c5 2.Nf3 d6 3.d4 cxd4 4.Nxd4 Nf6 5.Nc3 Nc6 6.Bg5 Bd7 7.Be2 e6 8.Qd2 a6
9.O-O h6 10.Be3 b5 11.Nxc6 Bxc6 12.f3 Be7 13.a4 b4 14.Na2 a5 15.c3 bxc3 16.Nxc3 O-O
17.Rfc1 d5 18.Nb5 Bb7 19.e5 Bb4 20.Qd4 Nd7 21.Rc7 Ba6 22.Rc6 Qb8 23.f4 Rc8
24.Rac1 Rxc6 25.Rxc6 Qd8 26.Qd3 g5 27.Bh5 Qe7 28.Qc2 gxf4 29.Bxf4 Bc5+ 30.Kh1 Bxb5
31.axb5 Qh4 32.g4 Qe1+ 33.Kg2 Qg1+ 34.Kh3 Qf1+ 35.Kg3 Qe1+ 36.Kg2 Qg1+ 37.Kh3 Qf1+
38.Kg3 Bb4 39.Bxf7+ Kxf7 40.Qh7+ Ke8 41.Rxe6+ Kd8 42.Bd2 Qg1+ 43.Kh3 Qf1+
44.Kg3 Qg1+ 45.Kh3 Nf8 46.Qb7 Nxe6 47.Qxa8+ Ke7 48.Bxb4+ Kf7 49.Qb7+ Kg6
50.Qc6 Qe3+ 51.Kh4 Qf2+ 52.Kh3 Qe3+ 53.Kh4 Qg5+ 54.Kh3 Qe3+  1/2-1/2

[Event "Czech Open A"]
[Site "Pardubice CZE"]
[Date "2009.07.30"]
[Round "7"]
[White "Popilski,G"]
[Black "Jurcik,Mari"]
[Result "1-0"]
[WhiteElo "2392"]
[BlackElo "2479"]

1.e4 c5 2.Nf3 d6 3.d4 cxd4 4.Nxd4 Nf6 5.Nc3 Nc6 6.Bg5 e6 7.Qd2 Qb6 8.Bxf6 gxf6
9.Nb3 a6 10.O-O-O Bd7 11.f4 O-O-O 12.Be2 h5 13.Rhf1 Be7 14.Rf3 Rdg8 15.Bf1 Kb8
16.Kb1 Rc8 17.Na4 Qa7 18.Na5 Nxa5 19.Qxa5 Bc6 20.Rc3 Bxa4 21.Rxc8+ Rxc8 22.Qxa4 Qf2
23.f5 Rc6 24.Bxa6 Qxg2 25.Bb5 Rc8 26.Bd7 Qe2 27.Rg1 Qxh2 28.Rc1 Rc7 29.fxe6 fxe6
30.Bxe6 Qf2 31.Qe8+ Ka7 32.Qxh5 Qc5 33.Bd5 Qd4 34.Qf3 Qc5 35.Qb3 Qb6 36.Qa3+ Qa6
37.Qf3 Qb6 38.Rd1 Qc5 39.Qb3 Qb6 40.Qxb6+ Kxb6 41.Rd3 Bf8 42.Rb3+ Ka7 43.Rh3 Re7
44.c3 Kb6 45.b4 Kc7 46.a4 Rg7 47.Kc2 Rg5 48.Rh7+ Bg7 49.Kb3 Kb6 50.a5+ Ka6
51.Bc4+ b5 52.Be6 Rg3 53.Kc2 Rg2+ 54.Kd3 Rg3+ 55.Kd4 f5+ 56.Rxg7 Rxg7 57.exf5 Kb7
58.f6 Rh7 59.f7 Rh8 60.Bd5+ Kc7 61.Ke4 Rh4+ 62.Kf5 Rh2 63.Kg6  1-0

[Event "Czech Open A"]
[Site "Pardubice CZE"]
[Date "2009.07.31"]
[Round "8"]
[White "Bracker,F"]
[Black "Jasny,S"]
[Result "0-1"]
[WhiteElo "2280"]
[BlackElo "2364"]

1.e4 c5 2.Nf3 d6 3.d4 cxd4 4.Nxd4 Nf6 5.Nc3 Nc6 6.Bg5 e6 7.Qd2 a6 8.O-O-O Bd7
9.f3 h6 10.Be3 b5 11.Nxc6 Bxc6 12.Ne2 Qc7 13.Nd4 Bb7 14.Kb1 e5 15.Nf5 d5
16.exd5 Nxd5 17.Bd3 g6 18.Ng3 O-O-O 19.Qe1 Nxe3 20.Qxe3 Bc5 21.Qe1 f5 22.Qc3 h5
23.b4 Be7 24.Qb3 Kb8 25.c4 h4 26.Ne2 h3 27.Rhg1 hxg2 28.cxb5 Bxf3 29.Rc1 Qb6
30.Bc4 Rh3 31.Qa4 Rc8 32.Bb3 Rxc1+ 33.Rxc1 Bxe2 34.bxa6 Bd3+ 35.Kb2 Qd4+  0-1

[Event "Czech Open A"]
[Site "Pardubice CZE"]
[Date "2009.07.31"]
[Round "8"]
[White "Kanovsky,D"]
[Black "Kavcic,Z"]
[Result "1-0"]
[WhiteElo "2483"]
[BlackElo "2301"]

1.e4 c5 2.Nf3 Nc6 3.d4 cxd4 4.Nxd4 Nf6 5.Nc3 d6 6.Bg5 Bd7 7.Qd2 Rc8 8.O-O-O Nxd4
9.Qxd4 Qa5 10.Be3 a6 11.f3 e5 12.Qb6 Qxb6 13.Bxb6 Be7 14.g4 h6 15.h4 Be6
16.Be3 b5 17.a3 Nd7 18.Kb1 Nc5 19.Rd2 h5 20.g5 O-O 21.Nd5 Bxd5 22.Rxd5 g6
23.c4 bxc4 24.Bxc4 a5 25.Rc1 Rc7 26.Rdd1 Rb8 27.Bd5 Kg7 28.f4 exf4 29.Bxf4 f6
30.Be3 fxg5 31.hxg5 Na6 32.Rxc7 Nxc7 33.Bc4 Rf8 34.Bb6 Ne8 35.e5 d5 36.Rxd5 Bxg5
37.Rd7+ Kh6 38.Bf7 Rxf7 39.Rxf7 Ng7 40.Rf8 Be7 41.Be3+ g5 42.Rf7 Bd8 43.Rd7  1-0

[Event "Czech Open A"]
[Site "Pardubice CZE"]
[Date "2009.07.31"]
[Round "8"]
[White "Ponizil,C"]
[Black "Chernyshov,K"]
[Result "0-1"]
[WhiteElo "2314"]
[BlackElo "2555"]

1.e4 c5 2.Nf3 Nc6 3.d4 cxd4 4.Nxd4 Nf6 5.Nc3 d6 6.Bg5 Bd7 7.Be2 Qa5 8.Bxf6 gxf6
9.O-O Rg8 10.Re1 Nxd4 11.Qxd4 Rc8 12.Nd5 Qc5 13.Qd3 Qxc2 14.Qa3 Bh6 15.Bd1 Qc5
16.b4 Qd4 17.Ba4 b5 18.Rad1 Qe5 19.Bxb5 Bxb5 20.Qh3 Rc4 21.Qxh6 Rxe4 22.Qd2 Bc6
23.Ne3 Rxe3 24.Qxe3 Rxg2+ 25.Kf1 Rxh2 26.Qxe5 fxe5 27.Rc1 Bf3  0-1

[Event "FSGM August"]
[Site "Budapest HUN"]
[Date "2009.08.01"]
[Round "1"]
[White "Szabo,Krisz1"]
[Black "Boros,De"]
[Result "1-0"]
[WhiteElo "2493"]
[BlackElo "2485"]

1.e4 c5 2.Nf3 d6 3.d4 cxd4 4.Nxd4 Nf6 5.Nc3 Nc6 6.Bg5 e6 7.Qd2 a6 8.O-O-O Be7
9.f4 Rb8 10.Kb1 O-O 11.Be2 Nxd4 12.Qxd4 b5 13.Bxf6 Bxf6 14.Qxd6 Bb7 15.Qc5 Qa5
16.e5 Rfc8 17.Qe3 b4 18.Ne4 Be7 19.Bd3 Bd5 20.b3 Qb6 21.Qh3 h6 22.g4 Rd8
23.Rhe1 Qc6 24.Nf6+ Bxf6 25.exf6 Bf3 26.fxg7 Kxg7 27.Rc1 Rd4 28.f5 Qd5 29.f6+ Kxf6
30.Rf1 Rf4 31.Qxh6+ Ke5 32.Rce1+  1-0

[Event "Open"]
[Site "Kavala GRE"]
[Date "2009.08.01"]
[Round "1"]
[White "Exizoglou,D"]
[Black "Mamedov,Nid"]
[Result "0-1"]
[WhiteElo "2237"]
[BlackElo "2614"]

1.e4 c5 2.Nf3 d6 3.d4 cxd4 4.Nxd4 Nf6 5.Nc3 Nc6 6.Bg5 e6 7.Qd2 a6 8.O-O-O Bd7
9.f4 Be7 10.Nf3 b5 11.Bxf6 gxf6 12.f5 Qb6 13.Kb1 O-O-O 14.g3 Kb8 15.Bh3 b4
16.Ne2 e5 17.c3 d5 18.exd5 Na5 19.Qc2 Nc4 20.Nd2 Ne3 21.Qe4 bxc3 22.Nxc3 Nxd1
23.Rxd1 Bb4 24.Qd3 Ka7 25.Nc4 Qb7 26.Ne4 Bb5 27.Bg2 Kb8 28.d6 Bxd6 29.Qc2 Bb4
30.Ned6 Qc7 31.Qe4 Bc6 32.Qxc6 Qxc6 33.Bxc6 Kc7 34.Bd5 Bxd6 35.Bxf7 Bf8 36.Rc1 Bh6
37.Re1 Rd3 38.Kc2 Rf3  0-1

[Event "Czech Open A"]
[Site "Pardubice CZE"]
[Date "2009.08.01"]
[Round "9"]
[White "Kochetkova,J"]
[Black "Hirneise,T"]
[Result "1-0"]
[WhiteElo "2310"]
[BlackElo "2429"]

1.e4 c5 2.Nf3 Nc6 3.d4 cxd4 4.Nxd4 Nf6 5.Nc3 d6 6.Bg5 e6 7.Qd2 a6 8.O-O-O Bd7
9.f3 Be7 10.Be3 b5 11.g4 Nxd4 12.Bxd4 b4 13.Ne2 e5 14.Be3 Qa5 15.g5 Qxa2
16.Qxb4 d5 17.Qb7 O-O 18.gxf6 Rfb8 19.Nc3 Qa1+ 20.Kd2 Qxd1+ 21.Nxd1 Rxb7
22.fxe7 d4 23.Bf2 Be6 24.Bxa6 Rxe7 25.Bd3 Ra1 26.Rg1 Rb7 27.f4 f6 28.fxe5 fxe5
29.Rg5 Rc7 30.Bg3 h6 31.Rxe5 Bg4 32.Nf2  1-0